000 00373nam a2200145Ia 4500
008 230917s9999||||xx |||||||||||||| ||und||
040 _e148643
_aMAIN
041 _aEnglish
082 _a658.3 M314G
100 _aManagaraj, Sujata
245 0 _aGlobalization and human resoruce management
260 _aNew Delhi
_bExcel Books
_c2008
300 _a281p p.
942 _cBK
999 _c152748
_d152748